Записка о семинариях

RUSMARC
00004209cbm2a2200000#x 450
001ef72dc0a-4ce3-4a43-9144-f23e3d0bb5b9
00520211214145757.0
100##$a20131002l17831783k y0rusy0189 ca
1010#$alat
102##$aRU
251##$cДело
2250#$aФонд Бумаги М. М. Сперанского
$hОпись № 2
461#0$100123e82967-913a-4648-a7df-fbc6a427c586
$12001
$aБумаги М. М. Сперанского
$1251
$cФонд
$1852
$j1251
801#0$aRU
$bРГИА
$c20131002
801#1$aRU
$bГлавНИВЦ
$c20131002
$2rusmarc
801#2$aRU
$bПБ им. Б.Н. Ельцина
$c20131003
$gRCR
$2rusmarc
850##$aФедеральное казенное учреждение "Российский государственный исторический архив" (РГИА)
852##$aРГИА
$j49
937##$aASBIBLIO_SCAN
$bРГИА_1251:_2:_49:
$d5493783
$hРГИА
2001#$aЗаписка о семинариях
$j1783
$dInstitutum Seminarü Generalis
$zlat
215##$a15 листов
035##$aef72dc0a-4ce3-4a43-9144-f23e3d0bb5b9
1220#$ad1783######
300##$aРукописный текст. Чернила
300##$aНа латинском языке
462#0$10018bf291aa-3d98-40c1-96db-13b36ec0df9b
$12001
$a1783-1837 гг.
$vД. 49
$1251
$cДело
$1852
$j2
5101#$aInstitutum Seminarü Generalis
$zlat
6061#$2nlr_sh
$3RU\NLR\AUTH\661347964
$aДуховное образование
$jАрхивные дела
686##$a63.3(2)513-37
$2LBC/M
$3rubbk
605##$2acquisition_Prlib
$3LIBNET\UAF\0000061531
$aМ. М. Сперанский
$lколлекция
Формат отображения